| 000 | 00363nam a2200157Ia 4500 | ||
|---|---|---|---|
| 008 | 221030s9999 xx 000 0 und d | ||
| 020 | _a8176566926 | ||
| 041 | _aEnglish | ||
| 082 |
_a105.23 _bSyb |
||
| 100 | _aSybex | ||
| 245 | 0 | _aJava TM 2 J2SE Tm 1.4 Complete | |
| 260 |
_bBPB Pub _aNew Delhi _c2003 |
||
| 300 | _a1015 | ||
| 650 | _aBE Computer | ||
| 942 | _cBK | ||
| 999 |
_c4502 _d4502 |
||